[Event "Savigliano op"]
[Site "Savigliano"]
[Date "2009.05.30"]
[Round "3"]
[White "Marello, Giampiero"]
[Black "Blengino, Luca"]
[Result "0-1"]
[WhiteElo "1709"]
[BlackElo "1894"]
[PlyCount "64"]
[EventDate "2009.05.28"]
[EventType "swiss"]
[EventRounds "6"]
[EventCountry "ITA"]
[SourceTitle "CBM 130 Extra"]
[Source "ChessBase"]
[SourceDate "2009.07.02"]
[SourceVersion "2"]
[SourceVersionDate "2009.07.15"]
[SourceQuality "1"]

1. e4 c5 2. Nf3 d6 3. d4 cxd4 4. Nxd4 Nf6 5. Nc3 g6 6. Be3 Bg7 7. Bc4 0-0 8. 0-0 Nc6 9. f3 Bd7 10. Qd2 a6 11. Nxc6 Bxc6 12. Bh6 Rc8 13. Bxg7 Kxg7 14. Bb3 b5 15. Rad1 a5 16. a3 Qc7 17. Ne2 Bd7 18. c3 Qc5+ 19. Kh1 Rb8 20. Nd4 b4 21. cxb4 axb4 22. Rc1 Qb6 23. axb4 Qxb4 24. Qxb4 Rxb4 25. Rc4 Rfb8 26. Rxb4 Rxb4 27. Bxf7 Kxf7 28. Rd1 Rxb2 29. Re1 e5 30. Ne2 Ke6 31. Kg1 Rc2 32. Kf1 Bb5 0-1

[Event "Savigliano op"]
[Site "Savigliano"]
[Date "2009.05.30"]
[Round "4"]
[White "Medaglia, Enzo"]
[Black "Marello, Giampiero"]
[Result "0-1"]
[WhiteElo "1756"]
[BlackElo "1709"]
[PlyCount "75"]
[EventDate "2009.05.28"]
[EventType "swiss"]
[EventRounds "6"]
[EventCountry "ITA"]
[SourceTitle "CBM 130 Extra"]
[Source "ChessBase"]
[SourceDate "2009.07.02"]
[SourceVersion "2"]
[SourceVersionDate "2009.07.15"]
[SourceQuality "1"]

1. e4 e5 2. Nf3 Nc6 3. Bb5 Nf6 4. 0-0 d6 5. Nc3 a6 6. Be2 Be7 7. a4 0-0 8. d3 Bg4 9. Be3 Bh5 10. h3 h6 11. d4 Bxf3 12. Bxf3 exd4 13. Bxd4 Nxd4 14. Qxd4 Nd7 15. Be2 Bf6 16. Qd2 Ne5 17. f4 Ng6 18. Rae1 Bh4 19. Rd1 Re8 20. Rf3 Bf6 21. Bd3 Bd4+ 22. Kh1 Bc5 23. Ne2 Qf6 24. c3 Nh4 25. Rff1 Re7 26. f5 Rae8 27. g3 d5 28. exd5 Re3 29. b4 Bd6 30. gxh4 Rxh3+ 31. Kg1 Ree3 32. Rf2 Qxh4 33. Kf1 Rh1+ 34. Ng1 Qh3+ 35. Rg2 Bh2 36. Qf2 Rxg1+ 37. Qxg1 Bxg1 38. Be2 0-1

[Event "Savigliano op"]
[Site "Savigliano"]
[Date "2009.05.29"]
[Round "2"]
[White "Roversi, Stefano"]
[Black "Marello, Giampiero"]
[Result "1-0"]
[WhiteElo "1871"]
[BlackElo "1709"]
[PlyCount "103"]
[EventDate "2009.05.28"]
[EventType "swiss"]
[EventRounds "6"]
[EventCountry "ITA"]
[SourceTitle "CBM 130 Extra"]
[Source "ChessBase"]
[SourceDate "2009.07.02"]
[SourceVersion "2"]
[SourceVersionDate "2009.07.15"]
[SourceQuality "1"]

1. e4 e5 2. Nf3 Nc6 3. Bb5 Nf6 4. 0-0 d6 5. d4 exd4 6. Nxd4 Bd7 7. Nc3 Be7 8. f4 Nxd4 9. Qxd4 0-0 10. Bd3 Bc6 11. Nd5 Bxd5 12. exd5 Re8 13. Bd2 a6 14. f5 Nd7 15. Rae1 Bf6 16. Rxe8+ Qxe8 17. Qf4 Be5 18. Qh4 Nf6 19. c4 Bxb2 20. Re1 Be5 21. g4 h6 22. g5 hxg5 23. Qxg5 Qd8 24. Re2 Nd7 25. Qh5 Bf6 26. Rg2 Ne5 27. Be2 Qf8 28. Bh6 Re8 29. Bxg7 Bxg7 30. f6 Ng6 31. fxg7 Qxg7 32. Qg4 Qe5 33. h4 Kf8 34. h5 Qe3+ 35. Kh1 Qh6 36. Rf2 Ne5 37. Qf5 Qc1+ 38. Kh2 Qh6 39. Bd1 Re7 40. Qc8+ Re8 41. Qxc7 Re7 42. Qc8+ Re8 43. Qxb7 Qe3 44. Qb2 Qg5 45. Qd4 Rb8 46. Rg2 Qc1 47. Qg1 Rb1 48. Rg8+ Ke7 49. Be2 Qc2 50. Qg5+ f6 51. Qg7+ Nf7 52. Qf8+ 1-0